[Event "Mumbai Wealth op"]
[Site "Mumbai"]
[Date "2016.02.04"]
[Round "8"]
[White "Saumil, Nair"]
[Black "Shelke, Sankarsha"]
[Result "1/2-1/2"]
[WhiteElo "1721"]
[BlackElo "2032"]
[PlyCount "130"]
[EventDate "2016.01.28"]
[EventType "swiss"]
[EventRounds "9"]
[EventCountry "IND"]
[SourceTitle "CBM 170 Extra"]
[Source "ChessBase"]
[SourceDate "2016.02.25"]
[SourceVersion "1"]
[SourceVersionDate "2016.02.25"]
[SourceQuality "1"]

1. e4 c5 2. Nc3 e6 3. f4 Nc6 4. Nf3 d5 5. Bb5 Nge7 6. exd5 Nxd5 7. Bxc6+ bxc6 8. d3 Be7 9. 0-0 0-0 10. Ne5 Qc7 11. Ne4 f6 12. Nc4 Rb8 13. Qe1 Ba6 14. Qf2 e5 15. f5 Nb6 16. b3 Nd7 17. Be3 Rfd8 18. g4 Ra8 19. h4 Nb6 20. Nxc5 Bxc5 21. Bxc5 Nd5 22. Qe1 Qd7 23. Qe4 Qf7 24. Rf3 Nc3 25. Qe1 Qd5 26. Qf2 e4 27. Rh3 Ne2+ 28. Qxe2 Qxc5+ 29. Qe3 Qxe3+ 30. Rxe3 exd3 31. Rxd3 Rxd3 32. cxd3 Rd8 33. Rd1 Bxc4 34. bxc4 Rd4 35. Kf2 Rxg4 36. Rb1 Rf4+ 37. Kg3 Rxf5 38. Rb7 Ra5 39. Rc7 Ra3 40. Rxc6 Rxd3+ 41. Kf4 Rd4+ 42. Kg3 h5 43. a4 Rg4+ 44. Kh3 Kf7 45. a5 a6 46. Rxa6 Rxc4 47. Kg3 Kg6 48. Rb6 Rc3+ 49. Kg2 Ra3 50. Rb5 Kh6 51. Rf5 Rc3 52. Rf4 Ra3 53. Rf5 Kg6 54. Rb5 Rd3 55. Kh2 Ra3 56. Kg2 f5 57. Rb6+ Kh7 58. a6 f4 59. Rb4 Rxa6 60. Rxf4 Rg6+ 61. Kh3 Rf6 62. Rb4 Kg6 63. Kg3 Rc6 64. Rb5 Rc3+ 65. Kg2 Kf6 1/2-1/2